000 00314nam a2200133Ia 4500
008 150301s2015 xx 000 0 und d
082 _a615.321
_bP15W
100 _aR.K. WADEKAR
245 _aPHARMACOGNOSY & PHYTOCHEMISTRY -|
260 _bAPH- DELHI
300 _a64
650 _aPHARMACOLOGY
942 _2ddc
_cBK
999 _c7094
_d7094